000 00805nam a2200253 a 4500
001 000023394
005 20200930022204.0
008 101206s1965 sp r 000 f spa d
040 _aDO-SdBNP
_bspa
_cBNPHU
041 1 7 _aspa
_hger
_2Código de idiomas MARC
082 _a813
_bR531i
100 1 _aRichler, John,
_948194
240 1 0 _aFrau Irene besser.
_lEspañol.
245 1 0 _aIrene Besser :
_bnovela /
_cJohn Richler ; traducción de Mª Hortensia Murdoch.
260 _aBarcelona :
_bPlaneta,
_c1965.
300 _a351 p. ;
_c19 cm.
490 1 _aGoliat
534 _pTítulo original en alemán:
_tFrau Irene besser.
650 4 _aNovela canadiense
_97990
650 4 _aLiteratura canadiense
_911496
700 1 _aMurdoch, Mª Hortensia,
_etr.
_948195
830 0 _aGoliat
_94949
049 _aBNGR
999 _c22891
_d22891